000 01050nam a22003137a 4500
001 BR2013008287
003 BR-BrBNA
005 20230928104302.0
007 ta
008 230509b bl.||||| |||| 00| 0 por d
040 _aBR-BrBNA
_bpor
_cBiblioteca Nacional de Agricultura
041 _a(Por)
072 _aH50
_b2120
090 _ 2120 BR2013008287
100 1 _aTorres, A. de F.
110 1 _aUniversidade Federal de Lavras, MG (Brasil)
_0Tese (Doutorado)
245 1 _aToxicidade de inseticidas utilizados na cafeicultura às espécies predadoras Chrysoperla externa (Hagen)(Neuroptera: Chrysopidae)e Cryptolaemus montrouzieri Mulsant (Coleoptera: Coccinellidae)
260 3 _aLavras, MG (Brasil):
_c2013.
300 _a127 p.
500 _aIncludes several bibliographies; Summaries (Eng, Por); 24 tables
650 _aTOXIDEZ
650 _aCOFFEA ARABICA
650 _aCONTROLE BIOLÓGICO
650 _aNEUROPTERA
650 _aCOLEOPTERO
650 _aENTOMOLOGIA
909 _a202309
_bLucia
_c55
_dLucia Elande
942 _cBK
999 _c79099
_d79099